[Event "Villarobledo Online Qualifyer"]
[Site "playchess.com #155672"]
[Date "2009.05.23"]
[Round "3"]
[White "GMsKoRPioN"]
[Black "Peterdrost"]
[Result "0-1"]
[WhiteElo "2601"]
[BlackElo "2173"]
[PlyCount "114"]
[EventDate "2009.05.23"]
[EventType "swiss (blitz)"]

1. d4 {[%emt 0:00:02]} Nf6 {[%emt 0:00:01]} 2. c4 {[%emt 0:00:01]} c5 {[%emt 0:
00:01]} 3. d5 {[%emt 0:00:01]} e6 {[%emt 0:00:01]} 4. Nc3 {[%emt 0:00:01]} exd5
{[%emt 0:00:02]} 5. cxd5 {[%emt 0:00:00]} d6 {[%emt 0:00:03]} 6. e4 {[%emt 0:
00:01]} g6 {[%emt 0:00:02]} 7. f4 {[%emt 0:00:01]} Bg7 {[%emt 0:00:01]} 8. Bb5+
{[%emt 0:00:01]} Nfd7 {[%emt 0:00:01]} 9. a4 {[%emt 0:00:01]} Qh4+ {[%emt 0:00:
09]} 10. g3 {[%emt 0:00:01]} Qd8 {[%emt 0:00:11]} 11. Nf3 {[%emt 0:00:02]} O-O
{[%emt 0:00:03]} 12. O-O {[%emt 0:00:01]} a6 {[%emt 0:00:05]} 13. Bc4 {[%emt 0:
00:04]} Nf6 {[%emt 0:00:04]} 14. Kg2 {[%emt 0:00:36]} Bg4 {[%emt 0:00:07]} 15.
h3 {[%emt 0:00:02]} Bxf3+ {[%emt 0:00:01]} 16. Qxf3 {[%emt 0:00:00]} Nbd7 {
[%emt 0:00:00]} 17. Re1 {[%emt 0:00:03]} Re8 {[%emt 0:00:02]} 18. Be3 {[%emt 0:
00:09]} Qc7 {[%emt 0:00:06]} 19. Bf2 {[%emt 0:00:02]} Rac8 {[%emt 0:00:26]} 20.
a5 {[%emt 0:00:18]} Re7 {[%emt 0:00:10]} 21. g4 {[%emt 0:00:27]} Rce8 {[%emt 0:
00:14]} 22. Bg3 {[%emt 0:00:01]} b5 {[%emt 0:00:29]} 23. axb6 {[%emt 0:00:03]}
Qxb6 {[%emt 0:00:01]} 24. Re2 {[%emt 0:00:14]} a5 {[%emt 0:00:08]} 25. Rd1 {
[%emt 0:00:15]} Qb4 {[%emt 0:00:12]} 26. Qd3 {[%emt 0:00:27]} Nb6 {[%emt 0:00:
19]} 27. Bb5 {[%emt 0:00:02]} Rb8 {[%emt 0:00:13]} 28. Bc6 {[%emt 0:00:07]} c4
{[%emt 0:00:04]} 29. Qc2 {[%emt 0:00:02]} Nfd7 {[%emt 0:00:05]} 30. Rde1 {
[%emt 0:00:10]} Nc5 {[%emt 0:00:01]} 31. e5 {[%emt 0:00:12]} Nd3 {[%emt 0:00:
01]} 32. exd6 {[%emt 0:00:22]} Nxe1+ {[%emt 0:00:01]} 33. Bxe1 {[%emt 0:00:11]}
Rxe2+ {[%emt 0:00:02]} 34. Qxe2 {[%emt 0:00:00]} Qxd6 {[%emt 0:00:03]} 35. Bg3
{[%emt 0:00:01]} Rd8 {[%emt 0:00:05]} 36. f5 {[%emt 0:00:01]} Qc5 {[%emt 0:00:
01]} 37. fxg6 {[%emt 0:00:00]} hxg6 {[%emt 0:00:01]} 38. Ne4 {[%emt 0:00:00]}
Qd4 {[%emt 0:00:02]} 39. Qf3 {[%emt 0:00:01]} Nxd5 {[%emt 0:00:03]} 40. Bxd5 {
[%emt 0:00:02]} Rxd5 {[%emt 0:00:00]} 41. h4 {[%emt 0:00:02]} Qxb2+ {[%emt 0:
00:01]} 42. Kh3 {[%emt 0:00:01]} Rd3 {[%emt 0:00:02]} 43. Qf4 {[%emt 0:00:02]}
Be5 {[%emt 0:00:01]} 44. Qf2 {[%emt 0:00:03]} Bxg3 {[%emt 0:00:02]} 45. Qxb2 {
[%emt 0:00:02]} Be5+ {[%emt 0:00:01]} 46. Kg2 {[%emt 0:00:08]} Bxb2 {[%emt 0:
00:01]} 47. h5 {[%emt 0:00:01]} gxh5 {[%emt 0:00:01]} 48. gxh5 {[%emt 0:00:02]}
a4 {[%emt 0:00:00]} 49. h6 {[%emt 0:00:01]} a3 {[%emt 0:00:01]} 50. h7+ {[%emt
0:00:00]} Kxh7 {[%emt 0:00:01]} 51. Ng5+ {[%emt 0:00:00]} Kg7 {[%emt 0:00:01]}
52. Ne6+ {[%emt 0:00:01]} fxe6 {[%emt 0:00:01]} 53. Kf2 {[%emt 0:00:00]} a2 {
[%emt 0:00:00]} 54. Ke2 {[%emt 0:00:00]} a1=Q {[%emt 0:00:01]} 55. Kf2 {[%emt
0:00:00]} Qa2 {[%emt 0:00:01]} 56. Ke2 {[%emt 0:00:00]} Bd4+ {[%emt 0:00:01]}
57. Kf1 {[%emt 0:00:00]} Rd1# {[%emt 0:00:01]} 0-1

[Event "Villarobledo Online Qualifyer"]
[Site "playchess.com #155672"]
[Date "2009.05.23"]
[Round "3"]
[White "HappyTriggerFool"]
[Black "Orzechowski_Jac"]
[Result "1/2-1/2"]
[WhiteElo "2483"]
[BlackElo "2133"]
[PlyCount "113"]
[EventDate "2009.05.23"]
[EventType "swiss (blitz)"]

1. e4 {[%emt 0:00:03]} d6 {[%emt 0:00:02]} 2. d4 {[%emt 0:00:06]} Nf6 {[%emt 0:
00:00]} 3. Nc3 {[%emt 0:00:01]} Nbd7 {[%emt 0:00:01]} 4. Nf3 {[%emt 0:00:02]}
e5 {[%emt 0:00:00]} 5. Be3 {[%emt 0:00:02]} Be7 {[%emt 0:00:04]} 6. Bc4 {[%emt
0:00:02]} O-O {[%emt 0:00:04]} 7. O-O {[%emt 0:00:02]} c6 {[%emt 0:00:05]} 8.
Qe2 {[%emt 0:00:09]} b5 {[%emt 0:00:07]} 9. dxe5 {[%emt 0:00:14]} dxe5 {[%emt
0:00:17]} 10. Bb3 {[%emt 0:00:01]} b4 {[%emt 0:00:20]} 11. Na4 {[%emt 0:00:03]}
Nxe4 {[%emt 0:00:13]} 12. Bxa7 {[%emt 0:00:01]} Nd6 {[%emt 0:00:35]} 13. Be3 {
[%emt 0:00:08]} Ba6 {[%emt 0:00:03]} 14. Qd2 {[%emt 0:00:08]} Bxf1 {[%emt 0:00:
01]} 15. Rxf1 {[%emt 0:00:02]} e4 {[%emt 0:00:14]} 16. Nd4 {[%emt 0:00:03]} Rc8
{[%emt 0:00:28]} 17. Bf4 {[%emt 0:00:11]} c5 {[%emt 0:00:23]} 18. Ne6 {[%emt 0:
00:16]} fxe6 {[%emt 0:00:06]} 19. Bxe6+ {[%emt 0:00:01]} Kh8 {[%emt 0:00:11]}
20. Bxd6 {[%emt 0:00:01]} Ne5 {[%emt 0:00:12]} 21. Bxc8 {[%emt 0:00:04]} Bxd6 {
[%emt 0:00:01]} 22. Rd1 {[%emt 0:00:14]} Nc4 {[%emt 0:00:05]} 23. Qd5 {[%emt 0:
00:09]} Bxh2+ {[%emt 0:00:04]} 24. Kxh2 {[%emt 0:00:04]} Qh4+ {[%emt 0:00:01]}
25. Kg1 {[%emt 0:00:01]} Qxf2+ {[%emt 0:00:01]} 26. Kh2 {[%emt 0:00:01]} Qh4+ {
[%emt 0:00:03]} 27. Bh3 {[%emt 0:00:01]} Qf4+ {[%emt 0:00:04]} 28. Kh1 {[%emt
0:00:05]} Ne3 {[%emt 0:00:01]} 29. Qd6 {[%emt 0:00:11]} Nxd1 {[%emt 0:00:03]}
30. Qxd1 {[%emt 0:00:01]} Qf1+ {[%emt 0:00:01]} 31. Qxf1 {[%emt 0:00:01]} Rxf1+
{[%emt 0:00:00]} 32. Kh2 {[%emt 0:00:01]} Rf2 {[%emt 0:00:01]} 33. Nxc5 {[%emt
0:00:02]} Rxc2 {[%emt 0:00:00]} 34. Nxe4 {[%emt 0:00:01]} Rxb2 {[%emt 0:00:01]}
35. Be6 {[%emt 0:00:01]} g6 {[%emt 0:00:01]} 36. Kg3 {[%emt 0:00:02]} Kg7 {
[%emt 0:00:00]} 37. Bb3 {[%emt 0:00:01]} h5 {[%emt 0:00:01]} 38. Kf3 {[%emt 0:
00:02]} Kh6 {[%emt 0:00:01]} 39. Nf2 {[%emt 0:00:04]} g5 {[%emt 0:00:01]} 40.
Nd3 {[%emt 0:00:01]} Rd2 {[%emt 0:00:01]} 41. Nxb4 {[%emt 0:00:02]} g4+ {[%emt
0:00:00]} 42. Kg3 {[%emt 0:00:01]} Kg5 {[%emt 0:00:02]} 43. Kh2 {[%emt 0:00:07]
} h4 {[%emt 0:00:02]} 44. Kg1 {[%emt 0:00:04]} g3 {[%emt 0:00:12]} 45. Nd5 {
[%emt 0:00:05]} Rb2 {[%emt 0:00:04]} 46. Kf1 {[%emt 0:00:03]} Rf2+ {[%emt 0:00:
01]} 47. Kg1 {[%emt 0:00:02]} Rb2 {[%emt 0:00:02]} 48. Nc3 {[%emt 0:00:08]} Kf4
{[%emt 0:00:05]} 49. Nd5+ {[%emt 0:00:08]} Ke5 {[%emt 0:00:02]} 50. Ne3 {[%emt
0:00:08]} Ke4 {[%emt 0:00:04]} 51. Nf1 {[%emt 0:00:10] .} Rb1 {[%emt 0:00:01]}
52. Bg8 {[%emt 0:00:02]} Ra1 {[%emt 0:00:01]} 53. Bf7 {[%emt 0:00:03]} Kd3 {
[%emt 0:00:01]} 54. Be6 {[%emt 0:00:05]} Ke4 {[%emt 0:00:01]} 55. Bf7 {[%emt 0:
00:01]} Kd3 {[%emt 0:00:01]} 56. Be6 {[%emt 0:00:01] HappyTriggerFool bietet
Remis} Ke4 {[%emt 0:00:01]} 57. Bf7 {[%emt 0:00:01]} 1/2-1/2

[Event "Villarobledo Online Qualifyer"]
[Site "playchess.com #155672"]
[Date "2009.05.23"]
[Round "3"]
[White "Jrt"]
[Black "Yang Guo"]
[Result "0-1"]
[WhiteElo "2199"]
[BlackElo "2878"]
[PlyCount "90"]
[EventDate "2009.05.23"]
[EventType "swiss (blitz)"]

1. e4 {[%emt 0:00:00]} e6 {[%emt 0:00:05]} 2. d3 {[%emt 0:00:03]} d5 {[%emt 0:
00:03]} 3. Nd2 {[%emt 0:00:00]} Nf6 {[%emt 0:00:01]} 4. Ngf3 {[%emt 0:00:02]}
Bc5 {[%emt 0:00:02]} 5. e5 {[%emt 0:00:04]} Nfd7 {[%emt 0:00:01]} 6. d4 {[%emt
0:00:01]} Bb6 {[%emt 0:00:01]} 7. b4 {[%emt 0:00:04]} a5 {[%emt 0:00:04]} 8. c3
{[%emt 0:00:01]} axb4 {[%emt 0:00:07]} 9. cxb4 {[%emt 0:00:01]} Nc6 {[%emt 0:
00:00]} 10. Nb3 {[%emt 0:00:01]} Nxb4 {[%emt 0:00:04]} 11. Bg5 {[%emt 0:00:02]}
f6 {[%emt 0:00:07]} 12. exf6 {[%emt 0:00:01]} Nxf6 {[%emt 0:00:03]} 13. Qd2 {
[%emt 0:00:05]} Nc6 {[%emt 0:00:08]} 14. Bd3 {[%emt 0:00:01]} O-O {[%emt 0:00:
09]} 15. O-O {[%emt 0:00:01]} Ne7 {[%emt 0:00:11]} 16. Rfe1 {[%emt 0:00:06]} h6
{[%emt 0:00:30]} 17. Bh4 {[%emt 0:01:19]} Nf5 {[%emt 0:00:09]} 18. Bg3 {[%emt
0:00:22]} Ng4 {[%emt 0:00:20]} 19. Be5 {[%emt 0:00:10]} Nh4 {[%emt 0:00:06]}
20. Nxh4 {[%emt 0:00:19]} Qxh4 {[%emt 0:00:00]} 21. Bg3 {[%emt 0:00:01]} Qg5 {
[%emt 0:00:33]} 22. Qxg5 {[%emt 0:00:09]} hxg5 {[%emt 0:00:00]} 23. Re2 {[%emt
0:00:26]} Nh6 {[%emt 0:00:06]} 24. Rae1 {[%emt 0:00:11]} Nf5 {[%emt 0:00:15]}
25. Be5 {[%emt 0:00:01]} c6 {[%emt 0:00:04]} 26. Nc5 {[%emt 0:00:13]} Bd8 {
[%emt 0:00:05]} 27. a3 {[%emt 0:00:05]} b6 {[%emt 0:00:02]} 28. Bxf5 {[%emt 0:
00:01]} Rxf5 {[%emt 0:00:06]} 29. Nd3 {[%emt 0:00:00]} Rxa3 {[%emt 0:00:01]}
30. Re3 {[%emt 0:00:00]} Ba6 {[%emt 0:00:05]} 31. Nc1 {[%emt 0:00:03]} Rxe3 {
[%emt 0:00:00]} 32. Rxe3 {[%emt 0:00:00]} Rf7 {[%emt 0:00:03]} 33. g4 {[%emt 0:
00:00]} c5 {[%emt 0:00:02]} 34. Kg2 {[%emt 0:00:00]} Bb7 {[%emt 0:00:05]} 35.
Ne2 {[%emt 0:00:01]} c4 {[%emt 0:00:01]} 36. Ng3 {[%emt 0:00:01]} b5 {[%emt 0:
00:01]} 37. Nh5 {[%emt 0:00:01]} b4 {[%emt 0:00:01]} 38. Bd6 {[%emt 0:00:02]}
b3 {[%emt 0:00:02]} 39. Ba3 {[%emt 0:00:01]} Ba5 {[%emt 0:00:01]} 40. Bb2 {
[%emt 0:00:01]} Rc7 {[%emt 0:00:02]} 41. Rxe6 {[%emt 0:00:01]} c3 {[%emt 0:00:
03]} 42. Bxc3 {[%emt 0:00:01]} Bxc3 {[%emt 0:00:01]} 43. Rb6 {[%emt 0:00:07]}
b2 {[%emt 0:00:02]} 44. h4 {[%emt 0:00:02]} Bxd4 {[%emt 0:00:01]} 45. f4 {
[%emt 0:00:00]} Bxb6 {[%emt 0:00:02] Jrt resigns} 0-1

[Event "Villarobledo Online Qualifyer"]
[Site "playchess.com #155672"]
[Date "2009.05.23"]
[Round "3"]
[White "Bussi50"]
[Black "CubaChessPraxis"]
[Result "0-1"]
[WhiteElo "1699"]
[BlackElo "2122"]
[PlyCount "120"]
[EventDate "2009.05.23"]
[EventType "swiss (blitz)"]

1. d4 {[%emt 0:00:01]} f5 {[%emt 0:00:02]} 2. Bf4 {[%emt 0:00:01]} Nf6 {[%emt
0:00:02]} 3. Nf3 {[%emt 0:00:00]} e6 {[%emt 0:00:01]} 4. e3 {[%emt 0:00:02]} g6
{[%emt 0:00:01]} 5. h3 {[%emt 0:00:01]} Bg7 {[%emt 0:00:01]} 6. Bc4 {[%emt 0:
00:01]} d5 {[%emt 0:00:02]} 7. Bb3 {[%emt 0:00:02]} Nbd7 {[%emt 0:00:02]} 8. c4
{[%emt 0:00:01]} c6 {[%emt 0:00:01]} 9. Nc3 {[%emt 0:00:01]} Ne4 {[%emt 0:00:
04]} 10. O-O {[%emt 0:00:03]} O-O {[%emt 0:00:02]} 11. Rc1 {[%emt 0:00:05]} h6
{[%emt 0:00:05]} 12. cxd5 {[%emt 0:00:07]} exd5 {[%emt 0:00:04]} 13. Ne5 {
[%emt 0:00:19]} Nxe5 {[%emt 0:00:03]} 14. Bxe5 {[%emt 0:00:02]} Bxe5 {[%emt 0:
00:04]} 15. dxe5 {[%emt 0:00:01]} Be6 {[%emt 0:00:03]} 16. f3 {[%emt 0:00:13]}
Ng3 {[%emt 0:00:04]} 17. Rf2 {[%emt 0:00:04]} Qh4 {[%emt 0:00:09]} 18. Qd4 {
[%emt 0:00:07]} Qxd4 {[%emt 0:00:23]} 19. exd4 {[%emt 0:00:01]} f4 {[%emt 0:00:
02]} 20. Ne2 {[%emt 0:00:08]} g5 {[%emt 0:00:17]} 21. Nxg3 {[%emt 0:00:03]}
fxg3 {[%emt 0:00:19]} 22. Rd2 {[%emt 0:00:05]} h5 {[%emt 0:00:03]} 23. Bd1 {
[%emt 0:00:08]} h4 {[%emt 0:00:01]} 24. b4 {[%emt 0:00:08]} a6 {[%emt 0:00:03]}
25. Be2 {[%emt 0:00:02]} Kf7 {[%emt 0:00:05]} 26. a4 {[%emt 0:00:02]} Ke7 {
[%emt 0:00:02]} 27. b5 {[%emt 0:00:02]} axb5 {[%emt 0:00:04]} 28. axb5 {[%emt
0:00:01]} Bd7 {[%emt 0:00:02]} 29. bxc6 {[%emt 0:00:03]} bxc6 {[%emt 0:00:01]}
30. Rb2 {[%emt 0:00:06]} Rfb8 {[%emt 0:00:05]} 31. Rd2 {[%emt 0:00:11]} Rb4 {
[%emt 0:00:02]} 32. Kf1 {[%emt 0:00:10]} Raa4 {[%emt 0:00:02]} 33. Rcd1 {[%emt
0:00:02]} Ra3 {[%emt 0:00:07]} 34. Ke1 {[%emt 0:00:07]} Rab3 {[%emt 0:00:05]}
35. Kf1 {[%emt 0:00:18]} Rb2 {[%emt 0:00:05]} 36. Ke1 {[%emt 0:00:02]} Bc8 {
[%emt 0:00:08]} 37. Bf1 {[%emt 0:00:16]} Rxd2 {[%emt 0:00:04]} 38. Rxd2 {[%emt
0:00:04]} Rb1+ {[%emt 0:00:02]} 39. Rd1 {[%emt 0:00:01]} Rb4 {[%emt 0:00:02]}
40. Ke2 {[%emt 0:00:04]} Ba6+ {[%emt 0:00:03]} 41. Ke1 {[%emt 0:00:02]} Bxf1 {
[%emt 0:00:02]} 42. Kxf1 {[%emt 0:00:01]} Rb2 {[%emt 0:00:01]} 43. Kg1 {[%emt
0:00:10]} Rc2 {[%emt 0:00:02]} 44. Kf1 {[%emt 0:00:01]} Ke6 {[%emt 0:00:01]}
45. Kg1 {[%emt 0:00:06]} c5 {[%emt 0:00:02]} 46. dxc5 {[%emt 0:00:11]} Rxc5 {
[%emt 0:00:03]} 47. Re1 {[%emt 0:00:05]} Rc2 {[%emt 0:00:02]} 48. Kf1 {[%emt 0:
00:01]} Rf2+ {[%emt 0:00:04]} 49. Kg1 {[%emt 0:00:02]} Rc2 {[%emt 0:00:04]} 50.
Kf1 {[%emt 0:00:01]} Rb2 {[%emt 0:00:01]} 51. Kg1 {[%emt 0:00:03]} d4 {[%emt 0:
00:01]} 52. Kf1 {[%emt 0:00:06]} Rf2+ {[%emt 0:00:03]} 53. Kg1 {[%emt 0:00:02]}
d3 {[%emt 0:00:01]} 54. Rd1 {[%emt 0:00:02]} d2 {[%emt 0:00:03]} 55. Ra1 {
[%emt 0:00:20]} Kxe5 {[%emt 0:00:07]} 56. Ra5+ {[%emt 0:00:14]} Kd4 {[%emt 0:
00:02]} 57. Ra4+ {[%emt 0:00:01]} Kc3 {[%emt 0:00:02]} 58. Ra3+ {[%emt 0:00:02]
} Kb2 {[%emt 0:00:01]} 59. Rd3 {[%emt 0:00:03]} Kc2 {[%emt 0:00:02]} 60. Rd8 {
[%emt 0:00:02]} d1=Q+ {[%emt 0:00:03] Bussi50 gibt auf} 0-1

[Event "Villarobledo Online Qualifyer"]
[Site "playchess.com #155672"]
[Date "2009.05.23"]
[Round "3"]
[White "Àíòîíîâ"]
[Black "Hauberk"]
[Result "1-0"]
[WhiteElo "1825"]
[BlackElo "2372"]
[PlyCount "105"]
[EventDate "2009.05.23"]
[EventType "swiss (blitz)"]

1. c4 {[%emt 0:00:03]} c6 {[%emt 0:00:01]} 2. Nf3 {[%emt 0:00:02]} d5 {[%emt 0:
00:01]} 3. b3 {[%emt 0:00:01]} Nf6 {[%emt 0:00:03]} 4. Bb2 {[%emt 0:00:01]} Qb6
{[%emt 0:00:04]} 5. Qc1 {[%emt 0:00:06]} Ne4 {[%emt 0:00:08]} 6. e3 {[%emt 0:
00:14]} e6 {[%emt 0:00:05]} 7. Be2 {[%emt 0:00:01]} f6 {[%emt 0:00:13]} 8. O-O
{[%emt 0:00:03]} Be7 {[%emt 0:00:02]} 9. d3 {[%emt 0:00:02]} Nd6 {[%emt 0:00:
02]} 10. c5 {[%emt 0:00:12]} Qc7 {[%emt 0:00:01]} 11. cxd6 {[%emt 0:00:01]}
Bxd6 {[%emt 0:00:00]} 12. d4 {[%emt 0:00:18]} e5 {[%emt 0:00:01]} 13. Ba3 {
[%emt 0:00:05]} e4 {[%emt 0:00:14]} 14. Bxd6 {[%emt 0:00:02]} Qxd6 {[%emt 0:00:
01]} 15. Nfd2 {[%emt 0:00:10]} O-O {[%emt 0:00:00]} 16. f3 {[%emt 0:00:33]} f5
{[%emt 0:00:07]} 17. fxe4 {[%emt 0:00:01]} fxe4 {[%emt 0:00:02]} 18. Rxf8+ {
[%emt 0:00:02]} Qxf8 {[%emt 0:00:03]} 19. Nf1 {[%emt 0:00:20]} Nd7 {[%emt 0:00:
07]} 20. Ng3 {[%emt 0:00:02]} g6 {[%emt 0:00:05]} 21. Nc3 {[%emt 0:00:02]} Qh6
{[%emt 0:00:04]} 22. Qd2 {[%emt 0:00:05]} Nf6 {[%emt 0:00:10]} 23. Rf1 {[%emt
0:00:03]} Kg7 {[%emt 0:00:01]} 24. Bd1 {[%emt 0:00:15]} Bd7 {[%emt 0:00:07]}
25. Qf2 {[%emt 0:00:02]} Rf8 {[%emt 0:00:04]} 26. Qf4 {[%emt 0:00:01]} g5 {
[%emt 0:00:04]} 27. Nf5+ {[%emt 0:00:05]} Bxf5 {[%emt 0:00:02]} 28. Qxf5 {
[%emt 0:00:01]} g4 {[%emt 0:00:24]} 29. Qf4 {[%emt 0:00:10]} Qg6 {[%emt 0:00:
01]} 30. b4 {[%emt 0:00:08]} a6 {[%emt 0:00:03]} 31. a4 {[%emt 0:00:02]} h5 {
[%emt 0:00:04]} 32. b5 {[%emt 0:00:02]} axb5 {[%emt 0:00:02]} 33. axb5 {[%emt
0:00:01]} Nd7 {[%emt 0:00:03]} 34. Qc7 {[%emt 0:00:10]} Rxf1+ {[%emt 0:00:01]}
35. Kxf1 {[%emt 0:00:01]} Qf7+ {[%emt 0:00:02]} 36. Kg1 {[%emt 0:00:02]} Nf6 {
[%emt 0:00:10]} 37. Qxf7+ {[%emt 0:00:02]} Kxf7 {[%emt 0:00:01]} 38. bxc6 {
[%emt 0:00:01]} bxc6 {[%emt 0:00:00]} 39. Ba4 {[%emt 0:00:03]} Ke6 {[%emt 0:00:
06]} 40. Bxc6 {[%emt 0:00:02]} Kd6 {[%emt 0:00:00]} 41. Bxd5 {[%emt 0:00:03]}
Nxd5 {[%emt 0:00:02]} 42. Nxd5 {[%emt 0:00:01]} Kxd5 {[%emt 0:00:01]} 43. Kf2 {
[%emt 0:00:01]} h4 {[%emt 0:00:02]} 44. h3 {[%emt 0:00:02]} g3+ {[%emt 0:00:07]
} 45. Ke2 {[%emt 0:00:01]} Kc4 {[%emt 0:00:04]} 46. Kd2 {[%emt 0:00:01]} Kd5 {
[%emt 0:00:02]} 47. Kc3 {[%emt 0:00:01]} Kd6 {[%emt 0:00:02]} 48. Kc4 {[%emt 0:
00:01]} Kc6 {[%emt 0:00:01]} 49. Kb4 {[%emt 0:00:01]} Kd5 {[%emt 0:00:01]} 50.
Kb5 {[%emt 0:00:01]} Kd6 {[%emt 0:00:02]} 51. Kc4 {[%emt 0:00:04]} Ke6 {[%emt
0:00:01]} 52. Kc5 {[%emt 0:00:01]} Kd7 {[%emt 0:00:02]} 53. Kd5 {[%emt 0:00:01]
Time} 1-0

[Event "Villarobledo Online Qualifyer"]
[Site "playchess.com #155672"]
[Date "2009.05.23"]
[Round "3"]
[White "Acedrex"]
[Black "Z_Grandic"]
[Result "0-1"]
[WhiteElo "1895"]
[BlackElo "2530"]
[PlyCount "130"]
[EventDate "2009.05.23"]
[EventType "swiss (blitz)"]

1. e4 {[%emt 0:00:03]} c6 {[%emt 0:00:00]} 2. d4 {[%emt 0:00:01]} d5 {[%emt 0:
00:02]} 3. exd5 {[%emt 0:00:01]} cxd5 {[%emt 0:00:01]} 4. c4 {[%emt 0:00:00]}
Nf6 {[%emt 0:00:01]} 5. Nc3 {[%emt 0:00:00]} Nc6 {[%emt 0:00:01]} 6. cxd5 {
[%emt 0:00:08]} Nxd5 {[%emt 0:00:01]} 7. Nf3 {[%emt 0:00:01]} Bg4 {[%emt 0:00:
01]} 8. Qb3 {[%emt 0:00:02]} Bxf3 {[%emt 0:00:14]} 9. gxf3 {[%emt 0:00:01]}
Nxc3 {[%emt 0:00:15]} 10. bxc3 {[%emt 0:00:04]} Qb6 {[%emt 0:00:10]} 11. Rb1 {
[%emt 0:00:03]} Qxb3 {[%emt 0:00:01]} 12. Rxb3 {[%emt 0:00:01]} O-O-O {[%emt 0:
00:03]} 13. f4 {[%emt 0:00:03]} e6 {[%emt 0:00:01]} 14. Bg2 {[%emt 0:00:01]}
Bd6 {[%emt 0:00:07]} 15. O-O {[%emt 0:00:02]} Kc7 {[%emt 0:00:00]} 16. Be3 {
[%emt 0:00:03]} b6 {[%emt 0:00:01]} 17. c4 {[%emt 0:00:06]} Be7 {[%emt 0:00:32]
} 18. d5 {[%emt 0:00:12]} Na5 {[%emt 0:00:01]} 19. Rb5 {[%emt 0:00:17]} Nb7 {
[%emt 0:00:23]} 20. dxe6 {[%emt 0:00:06]} fxe6 {[%emt 0:00:02]} 21. Bxb7 {
[%emt 0:00:15]} Kxb7 {[%emt 0:00:01]} 22. c5 {[%emt 0:00:01]} Kc6 {[%emt 0:00:
01]} 23. a4 {[%emt 0:00:03]} Bxc5 {[%emt 0:00:11]} 24. Bxc5 {[%emt 0:00:02]}
bxc5 {[%emt 0:00:01]} 25. Rc1 {[%emt 0:00:02]} Rd5 {[%emt 0:00:01]} 26. Re1 {
[%emt 0:00:11]} Re8 {[%emt 0:00:06]} 27. Re4 {[%emt 0:00:05]} Rd4 {[%emt 0:00:
04]} 28. Re5 {[%emt 0:00:02]} Rc4 {[%emt 0:00:07]} 29. Ra5 {[%emt 0:00:04]} Re7
{[%emt 0:00:37]} 30. Ra6+ {[%emt 0:00:03]} Kb7 {[%emt 0:00:05]} 31. Ra5 {[%emt
0:00:13]} Kb6 {[%emt 0:00:04]} 32. Rb5+ {[%emt 0:00:03]} Kc6 {[%emt 0:00:01]}
33. Ra5 {[%emt 0:00:01]} Rxf4 {[%emt 0:00:11]} 34. Raxc5+ {[%emt 0:00:02]} Kd6
{[%emt 0:00:01]} 35. a5 {[%emt 0:00:04]} Ra4 {[%emt 0:00:04]} 36. Rh5 {[%emt 0:
00:03]} h6 {[%emt 0:00:02]} 37. Rc2 {[%emt 0:00:06]} e5 {[%emt 0:00:04]} 38.
Rd2+ {[%emt 0:00:02]} Ke6 {[%emt 0:00:01]} 39. Kg2 {[%emt 0:00:28]} Rxa5 {
[%emt 0:00:05]} 40. f4 {[%emt 0:00:01]} Kf6 {[%emt 0:00:07]} 41. Rf2 {[%emt 0:
00:03]} Kg6 {[%emt 0:00:02]} 42. Rxe5 {[%emt 0:00:14]} Raxe5 {[%emt 0:00:02]}
43. fxe5 {[%emt 0:00:01]} Rxe5 {[%emt 0:00:01]} 44. Ra2 {[%emt 0:00:01]} a5 {
[%emt 0:00:01]} 45. Ra4 {[%emt 0:00:02]} Kf5 {[%emt 0:00:01]} 46. Kf3 {[%emt 0:
00:01]} g5 {[%emt 0:00:01]} 47. h3 {[%emt 0:00:01]} h5 {[%emt 0:00:01]} 48. Kg3
{[%emt 0:00:05]} Ke6 {[%emt 0:00:01]} 49. h4 {[%emt 0:00:03]} g4 {[%emt 0:00:
03]} 50. Kf4 {[%emt 0:00:01]} Rb5 {[%emt 0:00:01]} 51. Ra2 {[%emt 0:00:04]} Kf6
{[%emt 0:00:06]} 52. Ra3 {[%emt 0:00:05]} Rb4+ {[%emt 0:00:02]} 53. Kg3 {[%emt
0:00:03]} a4 {[%emt 0:00:00]} 54. Kg2 {[%emt 0:00:03]} Rb2+ {[%emt 0:00:02]}
55. Kg1 {[%emt 0:00:01]} Rb4 {[%emt 0:00:01]} 56. Kg2 {[%emt 0:00:01]} Ke5 {
[%emt 0:00:00]} 57. Ra1 {[%emt 0:00:04]} Kd5 {[%emt 0:00:06]} 58. Rd1+ {[%emt
0:00:03]} Rd4 {[%emt 0:00:02]} 59. Ra1 {[%emt 0:00:01]} Kc5 {[%emt 0:00:01]}
60. Rf1 {[%emt 0:00:03]} a3 {[%emt 0:00:01]} 61. Rf5+ {[%emt 0:00:02]} Kb4 {
[%emt 0:00:02]} 62. Rf8 {[%emt 0:00:01]} Kb3 {[%emt 0:00:01]} 63. Rb8+ {[%emt
0:00:08]} Rb4 {[%emt 0:00:01]} 64. Ra8 {[%emt 0:00:04]} a2 {[%emt 0:00:01]} 65.
Kg3 {[%emt 0:00:01]} Ra4 {[%emt 0:00:02] Acedrex rinde} 0-1

[Event "Villarobledo Online Qualifyer"]
[Site "playchess.com #155672"]
[Date "2009.05.23"]
[Round "3"]
[White "King 2009"]
[Black "DeusMachine"]
[Result "0-1"]
[WhiteElo "1641"]
[BlackElo "1790"]
[PlyCount "102"]
[EventDate "2009.05.23"]
[EventType "swiss (blitz)"]

1. e4 {[%emt 0:00:01]} c6 {[%emt 0:00:03]} 2. d4 {[%emt 0:00:09]} d5 {[%emt 0:
00:01]} 3. Nc3 {[%emt 0:00:00]} dxe4 {[%emt 0:00:01]} 4. Nxe4 {[%emt 0:00:00]}
Nf6 {[%emt 0:00:01]} 5. Ng3 {[%emt 0:00:03]} h5 {[%emt 0:00:01]} 6. h4 {[%emt
0:00:06]} Qd6 {[%emt 0:00:16]} 7. c3 {[%emt 0:00:02]} Bg4 {[%emt 0:00:06]} 8.
Be2 {[%emt 0:00:02]} Nbd7 {[%emt 0:00:13]} 9. Nf3 {[%emt 0:00:02]} O-O-O {
[%emt 0:00:29]} 10. Bg5 {[%emt 0:00:07]} e6 {[%emt 0:00:08]} 11. Qd2 {[%emt 0:
00:02]} Nd5 {[%emt 0:00:18]} 12. O-O-O {[%emt 0:00:09]} Re8 {[%emt 0:00:04]}
13. Rhe1 {[%emt 0:00:06]} Be7 {[%emt 0:00:02]} 14. Bxe7 {[%emt 0:00:01]} Rxe7 {
[%emt 0:00:03]} 15. Ng5 {[%emt 0:00:01]} f6 {[%emt 0:00:04]} 16. N5e4 {[%emt 0:
00:02]} Qf4 {[%emt 0:00:06]} 17. f3 {[%emt 0:00:22]} Bf5 {[%emt 0:00:12]} 18.
Qxf4 {[%emt 0:00:04]} Nxf4 {[%emt 0:00:00]} 19. Nxf5 {[%emt 0:00:01]} exf5 {
[%emt 0:00:01]} 20. Nd6+ {[%emt 0:00:01]} Kc7 {[%emt 0:00:03]} 21. Nxf5 {[%emt
0:00:16]} Nxe2+ {[%emt 0:00:02]} 22. Kd2 {[%emt 0:00:05]} Nxc3 {[%emt 0:00:54]}
23. bxc3 {[%emt 0:00:09]} Rf7 {[%emt 0:00:03]} 24. Re6 {[%emt 0:00:09]} g6 {
[%emt 0:00:01]} 25. Ne7 {[%emt 0:00:02]} Nf8 {[%emt 0:00:14]} 26. Re2 {[%emt 0:
00:07]} Rhh7 {[%emt 0:00:01]} 27. Rde1 {[%emt 0:00:02]} Kd7 {[%emt 0:00:05]}
28. Nxc6 {[%emt 0:00:26]} bxc6 {[%emt 0:00:01]} 29. Re8 {[%emt 0:00:04]} Ne6 {
[%emt 0:00:02]} 30. R8xe6 {[%emt 0:00:04]} g5 {[%emt 0:00:03]} 31. hxg5 {[%emt
0:00:08]} fxg5 {[%emt 0:00:01]} 32. Re8 {[%emt 0:00:01]} h4 {[%emt 0:00:02]}
33. Rg8 {[%emt 0:00:02]} Rf5 {[%emt 0:00:07]} 34. Ree8 {[%emt 0:00:04]} h3 {
[%emt 0:00:04]} 35. Rd8+ {[%emt 0:00:03]} Kc7 {[%emt 0:00:03]} 36. gxh3 {[%emt
0:00:02]} Rxh3 {[%emt 0:00:01]} 37. Rc8+ {[%emt 0:00:09]} Kb6 {[%emt 0:00:02]}
38. Rg6 {[%emt 0:00:18]} Ra5 {[%emt 0:00:07]} 39. Rgxc6+ {[%emt 0:00:04]} Kb7 {
[%emt 0:00:01]} 40. Ke3 {[%emt 0:00:26] .} Rxa2 {[%emt 0:00:02]} 41. R8c7+ {
[%emt 0:00:14]} Kb8 {[%emt 0:00:02]} 42. Rc8+ {[%emt 0:00:00]} Kb7 {[%emt 0:00:
01]} 43. R6c7+ {[%emt 0:00:01]} Kb6 {[%emt 0:00:01]} 44. Rg7 {[%emt 0:00:02]}
Ra5 {[%emt 0:00:03]} 45. Rb8+ {[%emt 0:00:01]} Kc6 {[%emt 0:00:03]} 46. Rbg8 {
[%emt 0:00:02]} Ra3 {[%emt 0:00:03]} 47. Rxg5 {[%emt 0:00:02]} Rxc3+ {[%emt 0:
00:01]} 48. Ke4 {[%emt 0:00:01]} Rhxf3 {[%emt 0:00:01]} 49. R8g6+ {[%emt 0:00:
02]} Kd7 {[%emt 0:00:03]} 50. Rg7+ {[%emt 0:00:01]} Kc6 {[%emt 0:00:02]} 51.
Rxa7 {[%emt 0:00:02]} Rce3# {[%emt 0:00:01]} 0-1